Kluge : (Record no. 299)
[ view plain ]
| 000 -LEADER | |
|---|---|
| fixed length control field | 00887cam a22002898a 4500 |
| 001 - CONTROL NUMBER | |
| control field | 4247293 |
| 005 - DATE AND TIME OF LATEST TRANSACTION | |
| control field | 20200421093826.0 |
| 008 - FIXED-LENGTH DATA ELEMENTS--GENERAL INFORMATION | |
| fixed length control field | 081204r20092008enk b 001 0 eng d |
| 015 ## - NATIONAL BIBLIOGRAPHY NUMBER | |
| National bibliography number | GBA8D8740 |
| Source | bnb |
| 020 ## - INTERNATIONAL STANDARD BOOK NUMBER | |
| International Standard Book Number | 9780571236527 (pbk.) : |
| Terms of availability | £9.99 |
| 020 ## - INTERNATIONAL STANDARD BOOK NUMBER | |
| International Standard Book Number | 0571236529 (pbk.) : |
| Terms of availability | £9.99 |
| 035 ## - SYSTEM CONTROL NUMBER | |
| System control number | (Uk)014852261 |
| 035 ## - SYSTEM CONTROL NUMBER | |
| System control number | 1975566 |
| 040 ## - CATALOGING SOURCE | |
| Original cataloging agency | StDuBDS |
| Language of cataloging | eng |
| Transcribing agency | StDuBDS |
| 082 04 - DEWEY DECIMAL CLASSIFICATION NUMBER | |
| Classification number | 153 |
| Edition information | 22 |
| 100 1# - MAIN ENTRY--PERSONAL NAME | |
| Personal name | Marcus, Gary F. |
| Fuller form of name | (Gary Fred) |
| 9 (RLIN) | 1446 |
| 245 10 - TITLE STATEMENT | |
| Title | Kluge : |
| Remainder of title | the haphazard evolution of the human mind / |
| Statement of responsibility, etc. | Gary Marcus. |
| 260 ## - PUBLICATION, DISTRIBUTION, ETC. | |
| Place of publication, distribution, etc. | London : |
| Name of publisher, distributor, etc. | Faber and Faber, |
| Date of publication, distribution, etc. | 2009, c2008. |
| 263 ## - PROJECTED PUBLICATION DATE | |
| Projected publication date | 200903 |
| 300 ## - PHYSICAL DESCRIPTION | |
| Extent | 1 v. |
| 500 ## - GENERAL NOTE | |
| General note | Originally published: 2008. |
| 504 ## - BIBLIOGRAPHY, ETC. NOTE | |
| Bibliography, etc. note | Includes bibliographical references and index. |
| 650 #0 - SUBJECT ADDED ENTRY--TOPICAL TERM | |
| Topical term or geographic name entry element | Brain |
| General subdivision | Evolution. |
| 9 (RLIN) | 1447 |
| 650 #0 - SUBJECT ADDED ENTRY--TOPICAL TERM | |
| Topical term or geographic name entry element | Cognitive psychology. |
| 9 (RLIN) | 1448 |
| 650 #0 - SUBJECT ADDED ENTRY--TOPICAL TERM | |
| Topical term or geographic name entry element | Cognitive neuroscience. |
| 9 (RLIN) | 1449 |
| 942 ## - ADDED ENTRY ELEMENTS (KOHA) | |
| Source of classification or shelving scheme | Dewey Decimal Classification |
| Koha item type | Books |
| Withdrawn status | Lost status | Damaged status | Not for loan | Collection | Home library | Current library | Shelving location | Date acquired | Barcode | Date last seen | Price effective from | Koha item type |
|---|---|---|---|---|---|---|---|---|---|---|---|---|
| Reference | Fairview | Fairview | General stacks | 09/04/2014 | 39999000013191 | 09/04/2014 | 09/04/2014 | Books |